Framing the Nation: Emotion and Authority in Slovak Political Language
Výskum skúma, ako si slovenskí politickí lídri budujú emocionálnu autoritu a implicitnú moc prostredníctvom jazyka. Pomocou kritickej diskurzívnej analýzy analyzuje výroky Roberta Fica, Petra Kmeca a Tomáša Tarabu, ktorí zastupujú populistické, technokratické a krajne pravicové perspektívy, pričom s...
Gespeichert in:
| 1. Verfasser: | |
|---|---|
| Format: | Buchkapitel |
| Sprache: | Englisch |
| Schlagworte: | |
| Tags: |
Keine Tags, Fügen Sie das erste Tag hinzu!
|
MARC
| LEADER | 00000naa$a2200000$$$4500 | ||
|---|---|---|---|
| 001 | 0313839 | ||
| 005 | 20260317082659.8 | ||
| 041 | 0 | |a eng | |
| 044 | |a SK | ||
| 245 | 1 | 0 | |a Framing the Nation: Emotion and Authority in Slovak Political Language |c Ivana Kapráliková |
| 520 | |a Výskum skúma, ako si slovenskí politickí lídri budujú emocionálnu autoritu a implicitnú moc prostredníctvom jazyka. Pomocou kritickej diskurzívnej analýzy analyzuje výroky Roberta Fica, Petra Kmeca a Tomáša Tarabu, ktorí zastupujú populistické, technokratické a krajne pravicové perspektívy, pričom sa zameriava na metaforu, modalitu, opakovanie a používanie zámen. Výskum tiež zdôrazňuje vzdelávaciu hodnotu diskurzívnej analýzy a demonštruje, ako integrácia kritickej diskurzívnej analýzy do univerzitných programov môže podporiť kritickú gramotnosť a pomôcť študentom rozpoznať manipuláciu, zaujatosť a moc v politickej a profesionálnej komunikácii. | ||
| 610 | 2 | 0 | |a politika |
| 610 | 2 | 0 | |a jazykoveda |
| 610 | 2 | 0 | |a komunikácia |
| 610 | 2 | 0 | |a rétorika |
| 100 | 1 | |a Kapráliková, Ivana, 1974- | |